000 00635cam a22001932 4500
001 0000006942
005 20151021151110.0
008 071029s xx 000 0 eng d
020 _cKES 1000
040 _aKABU
_cKABU
110 2 _aStrathmore University.
_bDistance Learning Centre.
_@0000150769
245 1 0 _aQuantitative techniques :
_bSubject no. 11 revision kit /
_cStrathomre University.
260 _aNairobi :
_bStrathmore University Press,
_c[2007]
300 _a272 p.
650 0 _aEconomics, Mathematical.
_@0000149913
908 _a071029
950 _@1
999 _c655
_d655